Microfinance and poverty alleviation : case studies from Asia and the Pacific (Record no. 10196)

MARC details
000 -LEADER
fixed length control field 00891nam a2200253Ia 4500
008 - FIXED-LENGTH DATA ELEMENTS--GENERAL INFORMATION
fixed length control field 191130s2000##################000#0#eng##
020 ## - INTERNATIONAL STANDARD BOOK NUMBER
International Standard Book Number 9781855676428
022 ## - INTERNATIONAL STANDARD SERIAL NUMBER
International Standard Serial Number 99044978
040 ## - CATALOGING SOURCE
Original cataloging agency ACL
Transcribing agency ACL
082 ## - DEWEY DECIMAL CLASSIFICATION NUMBER
Classification number 332.1095 REM
245 ## - TITLE STATEMENT
Title Microfinance and poverty alleviation : case studies from Asia and the Pacific
Statement of responsibility, etc. edited by Joe Remenyi and Benjamin Quiñones, Jr
260 ## - PUBLICATION, DISTRIBUTION, ETC.
Place of publication, distribution, etc. London ; New York
Name of publisher, distributor, etc. Routledge
Date of publication, distribution, etc. c2000
300 ## - PHYSICAL DESCRIPTION
Extent xxvi, 293 p. : ; 24 cm
500 ## - GENERAL NOTE
General note Includes bibliographical references (p. [270]-293) and index
650 ## - SUBJECT ADDED ENTRY--TOPICAL TERM
Topical term or geographic name entry element Microfinance - Asia - Case studies
Topical term or geographic name entry element Microfinance - Pacific Area - Case studies
Topical term or geographic name entry element Poverty - Asia - Case studies
Topical term or geographic name entry element Poverty - Pacific Area - Case studies
700 ## - ADDED ENTRY--PERSONAL NAME
Personal name Quiñones, B
Personal name Remenyi, Joe
990 ## - EQUIVALENCES OR CROSS-REFERENCES [LOCAL, CANADA]
Link information for 9XX fields ca448353ac10000c0e992b06677526d6
991 ## -
-- 38015
Holdings
Withdrawn status Lost status Materials specified (bound volume or other part) Damaged status Not for loan Home library Current library Shelving location Date acquired Total Checkouts Full call number Barcode Date last seen Price effective from Koha item type
    hbk     Anna Centenary Library Anna Centenary Library 4TH FLOOR, A WING 09.10.2020   332.1095 REM 174738 09.10.2020 09.10.2020 English Books

Find us on the map